Periodicity of xylem growth of rubberwood (Hevea brasiliensis) grown in Malaysia (Record no. 47874)

MARC details
000 -LEADER
fixed length control field 00501nam a2200193Ia 4500
100 ## - MAIN ENTRY--AUTHOR NAME
Personal name Jalil N R A
245 #0 - TITLE STATEMENT
Title Periodicity of xylem growth of rubberwood (Hevea brasiliensis) grown in Malaysia
260 ## - PUBLICATION, DISTRIBUTION, ETC. (IMPRINT)
Name of publisher Holzforschung
Year of publication 1998
300 ## - PHYSICAL DESCRIPTION
Number of Pages 567-572
500 ## - GENERAL NOTE
General note CAB CD 1999
650 ## - SUBJECT ADDED ENTRY--TOPICAL TERM
Topical Term Malaysia
650 ## - SUBJECT ADDED ENTRY--TOPICAL TERM
Topical Term Wood properties
650 ## - SUBJECT ADDED ENTRY--TOPICAL TERM
Topical Term Xylem growth
700 ## - ADDED ENTRY--PERSONAL NAME
Personal name Itoh T
700 ## - ADDED ENTRY--PERSONAL NAME
Personal name Jusoh M Z
700 ## - ADDED ENTRY--PERSONAL NAME
Personal name Sahri M H
942 ## - ADDED ENTRY ELEMENTS (KOHA)
Koha item type Bibliography RLWO
Holdings
Withdrawn status Lost status Damaged status Not for loan Home library Current library Date acquired Serial Enumeration / chronology Koha item type
      Bibliography RRII Library RRII Library 31/12/2021 Volume 52, Issue 6 Bibliography RLWO